<?xml version="1.0" encoding="UTF-8"?><?xml-stylesheet type="text/xsl" href="static/style.xsl"?><OAI-PMH xmlns="http://www.openarchives.org/OAI/2.0/" xmlns:xsi="http://www.w3.org/2001/XMLSchema-instance" xsi:schemaLocation="http://www.openarchives.org/OAI/2.0/ http://www.openarchives.org/OAI/2.0/OAI-PMH.xsd"><responseDate>2026-04-13T04:32:35Z</responseDate><request verb="GetRecord" identifier="oai:www.recercat.cat:10230/43742" metadataPrefix="marc">https://recercat.cat/oai/request</request><GetRecord><record><header><identifier>oai:recercat.cat:10230/43742</identifier><datestamp>2025-12-20T17:00:00Z</datestamp><setSpec>com_2072_6</setSpec><setSpec>col_2072_452952</setSpec></header><metadata><record xmlns="http://www.loc.gov/MARC21/slim" xmlns:dcterms="http://purl.org/dc/terms/" xmlns:xsi="http://www.w3.org/2001/XMLSchema-instance" xmlns:doc="http://www.lyncode.com/xoai" xsi:schemaLocation="http://www.loc.gov/MARC21/slim http://www.loc.gov/standards/marcxml/schema/MARC21slim.xsd">
   <leader>00925njm 22002777a 4500</leader>
   <datafield ind2=" " ind1=" " tag="042">
      <subfield code="a">dc</subfield>
   </datafield>
   <datafield ind2=" " ind1=" " tag="720">
      <subfield code="a">Gómez Marín, Daniel</subfield>
      <subfield code="e">author</subfield>
   </datafield>
   <datafield ind2=" " ind1=" " tag="720">
      <subfield code="a">Jordà Puig, Sergi</subfield>
      <subfield code="e">author</subfield>
   </datafield>
   <datafield ind2=" " ind1=" " tag="720">
      <subfield code="a">Herrera Boyer, Perfecto, 1964-</subfield>
      <subfield code="e">author</subfield>
   </datafield>
   <datafield ind2=" " ind1=" " tag="260">
      <subfield code="c">2020-02-28T09:51:35Z</subfield>
   </datafield>
   <datafield ind2=" " ind1=" " tag="260">
      <subfield code="c">2020-02-28T09:51:35Z</subfield>
   </datafield>
   <datafield ind2=" " ind1=" " tag="260">
      <subfield code="c">2015</subfield>
   </datafield>
   <datafield ind2=" " ind1=" " tag="520">
      <subfield code="a">Comunicació presentada a la 16th International Society for Music Information Retrieval Conference (ISMIR 2015), celebrada els dies 26 a 30 d&amp;apos;octubre de 2015 a Màlaga, Espanya.</subfield>
   </datafield>
   <datafield ind2=" " ind1=" " tag="520">
      <subfield code="a">Measuring rhythm similarity is relevant for the analysis&#xd;
and generation of music. Existing similarity metrics tend&#xd;
to consider our perception of rhythms as being in time&#xd;
without discriminating the importance of some regions&#xd;
over others. In a previously reported experiment we observed&#xd;
that measures of similarity may differ given the&#xd;
presence or absence of a pulse inducing sound and the importance&#xd;
of those measures is not constant along the pattern.&#xd;
These results are now reinterpreted by refining the&#xd;
previously proposed metrics. We consider that the perceptual&#xd;
contribution of each beat to the measured similarity&#xd;
is non-homogeneous but might indeed depend on the temporal&#xd;
positions of the beat along the bar. We show that&#xd;
with these improvements, the correlation between the previously&#xd;
evaluated experimental similarity and predictions&#xd;
based on our metrics increases substantially. We conclude&#xd;
by discussing a possible new methodology for evaluating&#xd;
rhythmic similarity between audio loops.</subfield>
   </datafield>
   <datafield ind2=" " ind1=" " tag="520">
      <subfield code="a">This research has been partially&#xd;
supported by the EU funded GiantSteps project (FP7-ICT-&#xd;
2013-10 Grant agreement nr 610591).</subfield>
   </datafield>
   <datafield ind2="0" ind1="0" tag="245">
      <subfield code="a">PAD and SAD: Two awareness-weighted rhythmic similarity distances</subfield>
   </datafield>
</record></metadata></record></GetRecord></OAI-PMH>